| 000 | 01990cam a22005174i 4500 | ||
|---|---|---|---|
| 003 | PE-LiUPU | ||
| 005 | 20250731173552.0 | ||
| 008 | 150616s1994 xxu r 000 0 eng d | ||
| 020 | _a0802492665 | ||
| 035 | _a(Sirsi) i9780802492661 | ||
| 040 |
_aPE-LiUPU _bspa _cPE-LiUPU _erda |
||
| 049 | _aPRUA | ||
| 082 | 0 | 4 |
_a221.077 _bM43 _221 |
| 100 | 1 |
_aMerrill, Eugene H., _eautor. |
|
| 245 | 1 | 3 |
_aAn Exegetical Commentary : _bHaggai, Zechariah, Malachi / _cEugene H. Merrill. |
| 264 | 1 |
_aChicago : _bMoody Press, _c1994. |
|
| 300 |
_a493 páginas ; _c24 centímetros |
||
| 336 |
_atext _2rdacontent |
||
| 337 |
_aunmediated _2rdamedia |
||
| 338 |
_avolume _2rdacarrier |
||
| 504 | _aBibliografía: páginas xv-xxv. | ||
| 505 | 0 | _aHaggai [estudio] -- Zechariah [estudio] -- Malachi [estudio] -- Etc. | |
| 526 | _aSEG42 | ||
| 526 | _aSEG41 | ||
| 526 | _aSEG40 | ||
| 526 | _aSEG39 | ||
| 526 | _aP94 | ||
| 526 | _aP87 | ||
| 526 | _aP86 | ||
| 526 | _aP85 | ||
| 526 | _aP77 | ||
| 526 | _aP76 | ||
| 526 | _aP35 | ||
| 630 | 0 | 4 |
_aBiblia. _pA.T. _pHageo _xComentarios. |
| 630 | 0 | 4 |
_aBiblia. _pA.T. _pMalaquías _xComentarios. |
| 630 | 0 | 4 |
_aBiblia. _pA.T. _pZacarías _xComentarios. |
| 942 |
_2ddc _cBOOK |
||
| 949 |
_a221.077 M43 _wDEWEY _c1 _i44585 _lCCODEBUL1 _mBUL _r0 _sY _tBOOK _u2015-4-23 _xTEOLOGIA _zUNKNOWN _0COMPRA _o.STAFF. Colección Teología |
||
| 949 |
_a221.077 M43 _wDEWEY _c2 _i43199 _lCCODEBUL1 _mBUL _r0 _sY _tBOOK _u2015-6-16 _xTEOLOGIA _zUNKNOWN _0COMPRA _o.STAFF. Colección Teología |
||
| 994 |
_aC0 _bPEPRU |
||
| 596 | _a1 | ||
| 999 |
_a221.077 M43 _wDEWEY _c61160 _i44585 _f2021-11-9 _g5 _lCCODEBUL1 _mBUL _p30.00 _r0 _sY _tBOOK _u2015-4-23 _xTEOLOGIA _PP35 _0COMPRA _o.STAFF. Colección Teología _d61160 |
||
| 999 |
_a221.077 M43 _wDEWEY _c2 _i43199 _d2018-4-22 _e2018-4-19 _f2021-11-9 _g5 _lCCODEBUL1 _mBUL _n1 _q2 _r0 _sY _tBOOK _u2015-6-16 _xTEOLOGIA _PP35 _0COMPRA _o.STAFF. Colección Teología |
||
| 980 |
_81 _gALBERTO SANCHEZ Responsable de Automatización |
||